000 01002nam a2200277 i 4500
001 bgj
100 1 _aHOSEN, Frederick E.
_d(1938- )
245 1 0 _aThe Great Depression and the New Deal :
_blegislative acts in their entirety (1932-1933) and statistical economic data (1926-1946) /
_cby Frederick E. Hosen.
260 _aJefferson, NC ;
_aLondon :
_bMcFarland and Company, Inc.,
_cc. 1992.
300 _aX, 318 pp :
_btables ;
_c24 cm.
504 _aBibliography p. 313.
505 _aIncludes index.
650 9 _aIndustrial laws and legislation
_zUnited States
650 9 _aSocial legislation
_zUnited States
650 9 _aNew Deal, 1933-1939
650 9 _aDepressions
_zUnited States
_y1929
651 9 _aUnited States
_xEconomic conditions
_y1918-1945
651 9 _aUnited States
_xSocial conditions
_y1918-1945
655 _aStatistics
020 _a0899506674
040 _cBPK
041 0 _aeng
920 _a0-89950-667-4
942 _cKS
008 s uk f |000 0 eng
999 _c47919
_d47919
856 _uhttp://koha.tu.koszalin.pl/cgi-bin/koha/opac-detail.pl?biblionumber=47919
_yKatalog online BPK